[Event "Goldberg mem"]
[Site "Moscow"]
[Date "1998.??.??"]
[Round "11"]
[White "Kosyrev, Vladimir"]
[Black "Vorobiov, Evgeny E"]
[Result "1/2-1/2"]
[WhiteElo "2405"]
[BlackElo "2475"]

1.d4 Nf6 2.c4 g6 3.Nc3 d5 4.cxd5 Nxd5 5.e4 Nxc3 6.bxc3 Bg7 7.Bb5+ c6 8.Ba4 b5
9.Bb3 b4 10.Bb2 bxc3 11.Bxc3 O-O 12.Nf3 Bg4 13.O-O Na6 14.h3 Bxf3 15.Qxf3 Bxd4
16.Rfd1  1/2-1/2

[Event "Goldberg mem"]
[Site "Moscow"]
[Date "1998.??.??"]
[Round "13"]
[White "Kosyrev, Vladimir"]
[Black "Odeev, Handszar"]
[Result "0-1"]
[WhiteElo "2405"]
[BlackElo "2430"]

1.d4 Nf6 2.c4 g6 3.Nc3 d5 4.cxd5 Nxd5 5.e4 Nxc3 6.bxc3 Bg7 7.Bb5+ c6 8.Ba4 O-O
9.Ne2 c5 10.O-O Nc6 11.Be3 Na5 12.Rb1 Nc4 13.Bg5 h6 14.Bc1 e5 15.Bb3 Nd6
16.dxe5 Nxe4 17.Bd5 Bf5 18.Rxb7 Bxe5 19.c4 Qh4 20.g3 Qh5 21.Rxf7 Rxf7 22.Bxf7+ Kxf7
23.Qd5+ Kf6 24.Nf4 Bxf4 25.Bb2+ Ke7 26.Qb7+ Ke6 27.Qxa8 Qf3 28.Qe8+ Kd6 29.Qb8+ Kc6
30.Qxf4 Qe2 31.Bg7 Ng5 32.Qe3 Be4 33.h4  0-1

[Event "EU-ch U18 Girls"]
[Site "Murek"]
[Date "1998.??.??"]
[Round "4"]
[White "Klipper, Rebecca"]
[Black "Rapcsak, Andrea"]
[Result "0-1"]
[WhiteElo "2055"]
[BlackElo "2060"]

1.d4 Nf6 2.c4 g6 3.Nc3 d5 4.cxd5 Nxd5 5.e4 Nxc3 6.bxc3 Bg7 7.Be3 O-O 8.Qd2 c5
9.Nf3 Qa5 10.Rc1 Rd8 11.h3 b6 12.Bc4 Bb7 13.Ng5 e6 14.Bxe6 fxe6 15.Nxe6 Rd7
16.d5 Na6 17.Nf4 Re8 18.f3 Nc7 19.c4 Qxd2+ 20.Kxd2 Ree7 21.Nd3 Ne8 22.Bg5 Bf6
23.Bf4 Nd6 24.e5 Nxc4+ 25.Rxc4 Rxd5 26.Kc2 Ba6 27.Rc3 Bxd3+ 28.Rxd3 Rxd3
29.Kxd3 Bxe5 30.Bxe5 Rxe5 31.f4 Rd5+ 32.Kc3 Kf7 33.Re1 Rd4 34.g3 Rd6 35.Re3 Re6
36.Rd3 Ke7 37.Kc4 Rd6 38.Re3+ Kd7 39.Kb5 Rd4 40.a3 Kc7 41.Re7+ Rd7 42.Re3 Kb7
43.Kc4 a6 44.Re6 Kc7 45.Kc3 Kb7 46.Kc4 Rd4+ 47.Kc3 Ra4 48.Kb3 b5 49.Re7+ Kb6
50.Rxh7 c4+ 51.Kb2 c3+ 52.Kc2 Rxa3 53.Rh6 b4 54.Rxg6+ Kb5 55.f5 Ra2+ 56.Kb1 b3
57.Rg8 c2+  0-1

[Event "EU-ch U16"]
[Site "Murek"]
[Date "1998.??.??"]
[Round "6"]
[White "Gouliev, Sarkhan"]
[Black "El Kher, Henrik"]
[Result "1-0"]
[WhiteElo "2230"]
[BlackElo "2365"]

1.d4 Nf6 2.c4 g6 3.Nc3 d5 4.cxd5 Nxd5 5.e4 Nxc3 6.bxc3 Bg7 7.Bb5+ c6 8.Ba4 O-O
9.Ne2 Nd7 10.O-O e5 11.Be3 Re8 12.f3 Nb6 13.Bb3 Qd6 14.Qc2 Be6 15.Rfd1 Qa3
16.Bxe6 Rxe6 17.Qb3 Qa6 18.Ng3 Nc4 19.Bf2 Ree8 20.Nf1 Bh6 21.Rd3 Nb2 22.Re3 Bxe3
23.Nxe3 Nd3 24.Ng4 Re6 25.Bg3 Nf4 26.Nxe5 Ne2+ 27.Kf2 Nxg3 28.hxg3 Rd8 29.Rh1 h5
30.g4 Rxe5 31.dxe5 Rd2+ 32.Kg3 Qe2 33.e6 Qxg2+ 34.Kf4 Qxh1 35.exf7+ Kg7 36.Qe6 Qh2+
37.Kg5 Rd6 38.Qe8 Qd2+ 39.f4 Rd5+ 40.e5 Rxe5+ 41.Qxe5+ Kxf7 42.Qf6+ Ke8 43.Qxg6+ Kf8
44.Qf5+ Ke7 45.Qe5+ Kd7 46.gxh5 Qxa2 47.h6 Qg2+ 48.Kf6 Qg8 49.Qe7+  1-0

[Event "EU-ch U18"]
[Site "Murek"]
[Date "1998.??.??"]
[Round "6"]
[White "Moiseenko, Alexander"]
[Black "De Vreugt, Dennis"]
[Result "1-0"]
[WhiteElo "2405"]
[BlackElo "2350"]

1.d4 Nf6 2.c4 g6 3.Nc3 d5 4.cxd5 Nxd5 5.e4 Nxc3 6.bxc3 Bg7 7.Nf3 c5 8.Rb1 O-O
9.Be2 Nc6 10.d5 Ne5 11.Nxe5 Bxe5 12.Qd2 e6 13.f4 Bc7 14.Bc4 e5 15.Qf2 Qf6
16.O-O exf4 17.Bxf4 Bxf4 18.Qxf4 Qxc3 19.e5 Qd4+ 20.Qxd4 cxd4 21.e6 fxe6
22.dxe6 Kg7 23.e7 Re8 24.Rf7+ Kh6 25.Bb5 Be6 26.Bxe8 Rxe8 27.Rf6 Bxa2 28.Rxb7 Kg7
29.Ra6 Bc4 30.Ra4 Be6 31.Rxd4 a6 32.Ra7 a5 33.Ra4 Kf6 34.Rf4+ Kg7 35.Rf8 Rxf8
36.exf8=Q+  1-0

[Event "CERA Bank op"]
[Site "NED"]
[Date "1998.??.??"]
[Round "?"]
[White "Parulava, Temur"]
[Black "Tonoli, Jose"]
[Result "1-0"]
[WhiteElo "2275"]
[BlackElo "2145"]

1.d4 Nf6 2.c4 g6 3.Nc3 d5 4.cxd5 Nxd5 5.e4 Nxc3 6.bxc3 Bg7 7.Qa4+ Bd7 8.Qa3 O-O
9.Nf3 b6 10.Be2 Bc6 11.d5 Bb7 12.Be3 c5 13.O-O Nd7 14.Rab1 Qc7 15.c4 Rfb8
16.Qc1 Ne5 17.Bf4 Nxf3+ 18.Bxf3 Be5 19.Bxe5 Qxe5 20.Qb2 f6 21.Qxe5 fxe5 22.Bg4 Kg7
23.Rb3 Rf8 24.a4 Rf4 25.f3 Ba6 26.Rc1 h5 27.Bf5 Rf8 28.g3 R8xf5 29.exf5 Rxc4
30.Rxc4 Bxc4 31.Re3 Kf6 32.fxg6 Bxd5 33.g7 Kxg7 34.Rxe5 e6 35.f4 a6 36.Rxh5 c4
37.Kf2 b5 38.axb5 axb5 39.Ke3 c3 40.Kd3 b4 41.Re5 Kf6 42.g4 Ke7 43.h4 Bf3
44.g5 Bg4 45.Rb5 Bf5+ 46.Ke3 Kf7 47.Rxb4 Bg6  1-0

[Event "New Castle on Tyne op"]
[Site "New Castle on Tyne"]
[Date "1998.??.??"]
[Round "6"]
[White "Storey, Charles"]
[Black "Kreiman, Boris"]
[Result "1-0"]
[WhiteElo "2225"]
[BlackElo "2445"]

1.d4 Nf6 2.c4 g6 3.Nc3 d5 4.cxd5 Nxd5 5.e4 Nxc3 6.bxc3 Bg7 7.Bc4 c5 8.Ne2 Nc6
9.Be3 O-O 10.h4 cxd4 11.cxd4 b5 12.Bd5 Bb7 13.h5 e6 14.Bb3 Qa5+ 15.Kf1 Rad8
16.hxg6 hxg6 17.d5 exd5 18.Nf4 Ne7 19.Qg4 Rfe8 20.Qh4 Qa6 21.Rd1 Kf8 22.exd5 Nf5
23.Bc5+ Rd6 24.Qg5 Kg8 25.Bxd6 Qxd6 26.Ne6 Bb2 27.g4 Ne7 28.Qh6 fxe6 29.dxe6  1-0

[Event "Newport ELO"]
[Site "Newport"]
[Date "1998.??.??"]
[Round "2"]
[White "Williams, Leighton"]
[Black "Richards, John"]
[Result "1-0"]
[WhiteElo "2240"]
[BlackElo "2045"]

1.d4 Nf6 2.c4 g6 3.Nc3 d5 4.cxd5 Nxd5 5.e4 Nxc3 6.bxc3 Bg7 7.Bb5+ c6 8.Ba4 a5
9.Ne2 b5 10.Bc2 O-O 11.Be3 c5 12.O-O Nc6 13.d5 Ne5 14.Bxc5 Qc7 15.Bd4 e6
16.f4 Nc4 17.f5 exd5 18.Bxg7 Kxg7 19.f6+ Kh8 20.Qc1 Qe5 21.Qh6 Rg8 22.Rad1 Be6
23.Nd4 Bg4 24.Rde1 b4 25.exd5 Qh5 26.Qxh5 Bxh5 27.cxb4 axb4 28.Bb3 Nd2 29.Rf2 Nxb3
30.axb3 Rgd8 31.Re5 Rd6 32.h3 g5 33.Nb5 Rb6 34.d6  1-0

[Event "Newport"]
[Site "Newport"]
[Date "1998.??.??"]
[Round "5"]
[White "Crouch, Colin S"]
[Black "Varley, Peter"]
[Result "1-0"]
[WhiteElo "2410"]
[BlackElo "2210"]

1.d4 Nf6 2.c4 g6 3.Nc3 d5 4.cxd5 Nxd5 5.e4 Nxc3 6.bxc3 Bg7 7.Be3 c5 8.Qd2 Qa5
9.Rb1 b6 10.Bb5+ Bd7 11.Bd3 cxd4 12.cxd4 Qxd2+ 13.Kxd2 Nc6 14.Nf3 e6 15.h4 O-O
16.e5 Na5 17.h5 Rfc8 18.hxg6 hxg6 19.Bg5 Nc4+ 20.Ke2 Bc6 21.Rh4 Bxf3+ 22.gxf3 Nxe5
23.dxe5 Bxe5 24.Ra4 Rc3 25.Bd2 Rc7 26.Rxb6 Rd8 27.Rb3 Rdd7 28.Be3 f5 29.f4 Bf6
30.Rc4 e5 31.Rxc7 Rxc7 32.fxe5 Bxe5 33.Ra3 f4 34.Bxa7 Re7 35.Kf3 Kg7 36.Bc5  1-0

[Event "Newport"]
[Site "Newport"]
[Date "1998.??.??"]
[Round "9"]
[White "Crouch, Colin S"]
[Black "Beaumont, Chris"]
[Result "1/2-1/2"]
[WhiteElo "2410"]
[BlackElo "2335"]

1.d4 Nf6 2.c4 g6 3.Nc3 d5 4.cxd5 Nxd5 5.e4 Nxc3 6.bxc3 Bg7 7.Be3 c5 8.Qd2 Qa5
9.Rb1 b6 10.Bb5+ Bd7 11.Bd3 O-O 12.Ne2 Nc6 13.h4 Rfd8 14.h5 cxd4 15.cxd4 Be8
16.Qxa5 bxa5 17.hxg6 hxg6 18.Bb5 Rab8 19.O-O Nxd4 20.Nxd4 Bxd4 21.Bxe8  1/2-1/2

[Event "Nizhnij Tagil"]
[Site "Nizhnij Tagil"]
[Date "1998.??.??"]
[Round "1"]
[White "Zhidkov, Valery S"]
[Black "Savon, Vladimir A"]
[Result "1/2-1/2"]
[WhiteElo "2400"]
[BlackElo "2425"]

1.d4 Nf6 2.c4 g6 3.Nc3 d5 4.cxd5 Nxd5 5.e4 Nxc3 6.bxc3 Bg7 7.Bc4 c5 8.Be3 Nc6
9.Ne2 cxd4 10.cxd4 b5 11.Bxb5 Qa5+ 12.Nc3 Qxc3+ 13.Bd2 Qxd4 14.Bxc6+ Bd7
15.Bxa8 Qxa1 16.Qxa1 Bxa1 17.O-O O-O 18.Rxa1 Rxa8 19.Rc1 Rc8 20.Rxc8+ Bxc8  1/2-1/2

[Event "RUS-Cup"]
[Site "Omsk/Perm"]
[Date "1998.??.??"]
[Round "2"]
[White "Pres, Grigorii"]
[Black "Yandemirov, Valeri"]
[Result "0-1"]
[WhiteElo "2315"]
[BlackElo "2545"]

1.d4 Nf6 2.c4 g6 3.Nc3 d5 4.cxd5 Nxd5 5.e4 Nxc3 6.bxc3 Bg7 7.Bc4 O-O 8.Ne2 Nc6
9.Be3 Na5 10.Bd3 c5 11.Qd2 cxd4 12.cxd4 Nc6 13.Bc4 Qa5 14.Rd1 Bd7 15.O-O Qxd2
16.Rxd2 Na5 17.Bd3 Rfc8 18.Rb2 Be6 19.Rfb1 h6 20.f3 b6 21.Ba6 Rd8 22.Rc1 Bc8
23.Bxc8 Raxc8 24.Rbc2 Rxc2 25.Rxc2 b5 26.Rc7 Nc4 27.Kf2 a5 28.Rc5 Rb8 29.Bf4 Rb7
30.a4 Na3 31.Bc1 b4 32.Rxa5 Rc7 33.Ra8+ Kh7 34.Be3 Rc2 35.Rb8 Nb1 36.Ke1 Rb2
37.a5 Na3 38.a6 Nc2+ 39.Kf2 Ra2 40.Rb6 Nxd4 41.a7 Rxe2+ 42.Kg3 Ra2 43.Rb7 e5
44.Rxf7 b3 45.Rb7 b2 46.h4 Rxa7 47.Rxb2 Rd7 48.Rb6 Ne2+ 49.Kf2 Nc3 50.Bc5 Na4
51.Rb5 Nxc5 52.Rxc5 Bf6 53.Kg3 Rd1 54.Kh2 Rf1 55.Rc7+ Kg8 56.h5 gxh5 57.Rc3 h4
58.g3 hxg3+ 59.Kxg3 Bg5 60.Kg4 Rg1+ 61.Kf5 Bf4 62.Kf6 Rg7 63.Rc8+ Kh7  0-1

[Event "Ostrava Cup"]
[Site "Ostrava"]
[Date "1998.??.??"]
[Round "4"]
[White "Shtyrenkov, Veniamen"]
[Black "Mirumian, Vigen"]
[Result "1/2-1/2"]
[WhiteElo "2495"]
[BlackElo "2470"]

1.d4 Nf6 2.c4 g6 3.Nc3 d5 4.cxd5 Nxd5 5.e4 Nxc3 6.bxc3 Bg7 7.Be3 c5 8.Qd2 Qa5
9.Nf3 O-O 10.Rc1 Bg4 11.Be2 Nc6 12.d5 Rad8 13.O-O e6 14.Rfd1 exd5 15.exd5 b6
16.h3 Bxf3 17.Bxf3 Ne5 18.Bg5 Nxf3+ 19.gxf3 Rd7 20.c4 Qxd2 21.Bxd2 Rfd8  1/2-1/2

[Event "Ostrava Cup"]
[Site "Ostrava"]
[Date "1998.??.??"]
[Round "9"]
[White "Polak, Tomas"]
[Black "Mirumian, Vigen"]
[Result "1/2-1/2"]
[WhiteElo "2525"]
[BlackElo "2470"]

1.d4 Nf6 2.c4 g6 3.Nc3 d5 4.cxd5 Nxd5 5.e4 Nxc3 6.bxc3 Bg7 7.Nf3 c5 8.Rb1 O-O
9.Be2 cxd4 10.cxd4 Qa5+ 11.Bd2 Qxa2 12.O-O Na6 13.Bg5  1/2-1/2

[Event "HUN-ch U18"]
[Site "Paks"]
[Date "1998.??.??"]
[Round "3"]
[White "Kerek, Csaba"]
[Black "Olle, Peter"]
[Result "0-1"]
[WhiteElo "2380"]
[BlackElo "2120"]

1.d4 Nf6 2.c4 g6 3.Nc3 d5 4.cxd5 Nxd5 5.e4 Nxc3 6.bxc3 Bg7 7.Nf3 O-O 8.Rb1 c5
9.Be2 Qa5 10.O-O Qxa2 11.Bg5 Qe6 12.Re1 h6 13.Bh4 g5 14.Bg3 cxd4 15.cxd4 Qxe4
16.Bd3 Qd5 17.Rb5 Qd8 18.Bc2 e6 19.Be5 f5 20.Bb3 g4 21.Bxg7 Kxg7 22.Ne5 Qf6
23.h3 gxh3 24.Re3 Kh7 25.Rg3 Rg8 26.Rxg8 Kxg8 27.Qh5 Kh7 28.Qe8 Qg7 29.g3 Na6
30.Qd8 b6 31.Bxe6 Bxe6 32.Qxa8 Nc7 33.Qc6 Nxb5 34.Qxb5 Qb7 35.f3 Qd5 36.Qb4 Qd8
37.Kh2 a5 38.Qc3 Qc8 39.Qd3 Qc1 40.f4 Qc7 41.d5 Qb7 42.Nc6 Qd7 43.Ne7 Qxe7
44.dxe6 Qxe6 45.Kxh3 Kg6 46.Qb5 Kf7 47.Qa6 Qc6 48.Kh2 a4 49.Qa7+ Kg6 50.Qa6 Qf6
51.Qc8 a3 52.Qe8+ Qf7 53.Qc6+ Qf6 54.Qc8 Kg7 55.Qd7+ Qf7 56.Qd4+ Qf6 57.Qd7+ Qf7
58.Qd4+ Kh7 59.Qxb6 a2 60.Qa5 Qh5+ 61.Kg2 Qe2+  0-1

[Event "Atom Cup GM 3rd"]
[Site "Paks"]
[Date "1998.??.??"]
[Round "13"]
[White "Husari, Sate"]
[Black "Dumitrache, Dragos"]
[Result "1/2-1/2"]
[WhiteElo "2290"]
[BlackElo "2420"]

1.d4 Nf6 2.c4 g6 3.Nc3 d5 4.cxd5 Nxd5 5.e4 Nxc3 6.bxc3 Bg7 7.Ba3 O-O 8.Qd2 Nd7
9.Rd1 b6 10.g3 a5 11.Bg2 Ba6 12.e5 Rc8 13.Ne2 c5 14.O-O Qc7 15.Rfe1 Rfd8
16.f4 Bb7 17.d5 b5  1/2-1/2

[Event "Paris op"]
[Site "Paris"]
[Date "1998.??.??"]
[Round "8"]
[White "Dumitran, Octavian"]
[Black "Karr, Jean Philipp"]
[Result "1-0"]
[WhiteElo "2265"]
[BlackElo "2360"]

1.d4 Nf6 2.c4 g6 3.Nc3 d5 4.cxd5 Nxd5 5.e4 Nxc3 6.bxc3 Bg7 7.Be3 c5 8.Rc1 Qa5
9.Qd2 cxd4 10.cxd4 Qxd2+ 11.Kxd2 O-O 12.Rc7 Nc6 13.d5 Rd8 14.Bd3 Ne5 15.Rxe7 Nd7
16.Nf3 Bf8 17.Rxf7 Kxf7 18.Ng5+ Kg8 19.Ne6 Bb4+ 20.Ke2 Ba5 21.Nxd8 Bxd8 22.f4 Bb6
23.Rc1 Nf6 24.h3 Bd7 25.g4 Kf8 26.f5 Re8 27.Bh6+ Kf7 28.Kf3 Ba4 29.d6 Nd7
30.Bc4+ Kf6 31.Kf4 g5+ 32.Bxg5+ Kg7 33.Be7 Bd8 34.Bxd8 Rxd8 35.Be6 Bc6 36.g5 Nf8
37.e5 Nxe6+ 38.fxe6 Rf8+ 39.Kg4 Bd5 40.e7 Be6+ 41.Kg3 Rb8 42.Rf1  1-0

[Event "Mitropa Cup"]
[Site "Portoroz"]
[Date "1998.??.??"]
[Round "1"]
[White "Pelletier, Yannick"]
[Black "Stohl, Igor"]
[Result "1/2-1/2"]
[WhiteElo "2525"]
[BlackElo "2540"]

1.d4 Nf6 2.c4 g6 3.Nc3 d5 4.cxd5 Nxd5 5.e4 Nxc3 6.bxc3 Bg7 7.Nf3 c5 8.Rb1 O-O
9.Be2 cxd4 10.cxd4 Qa5+ 11.Bd2 Qxa2 12.O-O Bg4 13.Bg5 h6 14.Be3 Nc6 15.d5 Ne5
16.Rxb7 e6 17.d6 Rfd8 18.Re1 Bxf3 19.gxf3 Qa5 20.Bd2 Qa2 21.Be3 Qa5 22.Rf1 Bf8
23.d7 Qa2 24.Bb5 a6 25.Ba4 Nxf3+ 26.Kg2 Ng5 27.Qc2 Qa3 28.Rd1 e5 29.Bc6 Qe7
30.Rb3 Rab8 31.Rxb8 Rxb8 32.Qc3 Bg7 33.Bc5 Qf6 34.Bd6 Rd8 35.Bc7 Ne6 36.Bxd8 Qxd8
37.Ba4 Bf6 38.Qc6 Kg7 39.Qxa6 Qc7 40.Kg1 Bh4 41.Qb5 Qc3 42.Qb3 Qa5 43.Qb5 Qc3
44.Qd3 Qb4 45.Bb3 Nc5 46.Qd5 Qxb3 47.Qxe5+ Kh7 48.d8=Q Bxd8 49.Rxd8 Qb1+
50.Kg2 Qxe4+ 51.Qxe4 Nxe4 52.Kf3 Ng5+  1/2-1/2

[Event "Mitropa Cup"]
[Site "Portoroz"]
[Date "1998.??.??"]
[Round "8"]
[White "Tabernig, Bernhard"]
[Black "Kalod, Radek"]
[Result "1/2-1/2"]
[WhiteElo "2330"]
[BlackElo "2435"]

1.d4 Nf6 2.c4 g6 3.Nc3 d5 4.cxd5 Nxd5 5.e4 Nxc3 6.bxc3 Bg7 7.Be3 c5 8.Qd2 Qa5
9.Rb1 b6 10.Rc1 O-O 11.d5 Na6 12.Nf3 e6 13.h4 exd5 14.exd5 h5 15.Bd3 Bb7
16.c4 Nb4 17.Bb1 Rac8 18.O-O b5 19.Bh6 bxc4 20.Bxg7 Kxg7 21.Qc3+ Kg8 22.a3 Bxd5
23.Ne5 Qc7 24.Nxc4 Nc6 25.Ne3 Be6 26.Qxc5 Qd8 27.Rcd1 Qxh4 28.Rd6 Ne7 29.Qxa7 Ra8
30.Qc5 Rfc8 31.Qe5 Nc6 32.Qe4 Ra4 33.Qxh4 Rxh4 34.Bxg6 fxg6 35.Rxe6 Nd4 36.Rxg6+ Kh7
37.g3 Nf3+ 38.Kg2 Rh2+ 39.Kxf3 Kxg6 40.Ke2 Rc3 41.Ra1 Rb3 42.Ra2 Rh1 43.Kd2 Rh2
44.Ke2  1/2-1/2

[Event "Radenci op"]
[Site "Radenci"]
[Date "1998.??.??"]
[Round "?"]
[White "Brglez, Rado"]
[Black "Sax, Gyula"]
[Result "0-1"]
[WhiteElo "2260"]
[BlackElo "2535"]

1.d4 Nf6 2.c4 g6 3.Nc3 d5 4.cxd5 Nxd5 5.e4 Nxc3 6.bxc3 Bg7 7.Nf3 c5 8.Rb1 O-O
9.Be2 Qa5 10.O-O Qxc3 11.Bd2 Qa3 12.Qc2 Bd7 13.Rxb7 cxd4 14.Bb4 Qa4 15.Qxa4 Bxa4
16.Bxe7 Rc8 17.e5 Nc6 18.Bd6 Bc2 19.Rb2 d3 20.Bd1 Na5 21.Bxc2 dxc2 22.Rc1 Bh6
23.Rcxc2 Nc4 24.g3 Nxb2 25.Rxb2 Rc3 26.Nd4 Rc4 27.Nb5 Rc1+ 28.Kg2 Rd1 29.Nc3 Rd2
30.Rb7 Bf8 31.Bb8 a6 32.Ne4 Rd5  0-1

[Event "Jirasek mem"]
[Site "Rakovnik"]
[Date "1998.??.??"]
[Round "3"]
[White "Neuman, Petr"]
[Black "Ustinov, Oleg"]
[Result "1-0"]
[WhiteElo "2340"]
[BlackElo "2195"]

1.d4 Nf6 2.c4 g6 3.Nc3 d5 4.cxd5 Nxd5 5.e4 Nxc3 6.bxc3 Bg7 7.Bc4 O-O 8.Ne2 c5
9.Be3 Nc6 10.Rc1 Na5 11.Bd3 c4 12.Bb1 e5 13.Qd2 b5 14.Bh6 Qe7 15.h4 Bb7 16.d5 Rad8
17.Bxg7 Kxg7 18.h5 Bc8 19.hxg6 fxg6 20.Qe3 Rf7 21.f3 Qd6 22.Kf2 Nb7 23.Qxa7 Rdf8
24.Qe3 Nc5 25.Rh4 Kg8 26.Rch1 Rg7 27.Kg1 Bd7 28.Rh6 Na4 29.Kf2 Be8 30.Qg5 Qc5+
31.Qe3 Qd6 32.R1h4 Qa3 33.Rh1 Qe7 34.Bc2 Nc5 35.Rb1 Nd7 36.Rhh1 Nf6 37.Ke1 Nh5
38.Rb4 Bd7 39.Kd2 Nf6 40.Rhb1 g5 41.a4 g4 42.axb5  1-0

[Event "Jirasek mem"]
[Site "Rakovnik"]
[Date "1998.??.??"]
[Round "5"]
[White "Neuman, Petr"]
[Black "Koutecky, Vaclav"]
[Result "1/2-1/2"]
[WhiteElo "2340"]
[BlackElo "1830"]

1.d4 Nf6 2.c4 g6 3.Nc3 d5 4.cxd5 Nxd5 5.e4 Nxc3 6.bxc3 Bg7 7.Bc4 O-O 8.Ne2 c5
9.Be3 Nc6 10.Rc1 cxd4 11.cxd4 Qa5+ 12.Kf1 Bd7 13.h4 Rfc8 14.h5 e5 15.hxg6 hxg6
16.d5 Nd4 17.Nxd4 Rxc4 18.Rxc4  1/2-1/2

[Event "Regensburg op"]
[Site "Regensburg"]
[Date "1998.??.??"]
[Round "7"]
[White "Kniest, Oliver"]
[Black "Naumann, Alexander"]
[Result "1-0"]
[WhiteElo "2300"]
[BlackElo "2375"]

1.d4 Nf6 2.c4 g6 3.Nc3 d5 4.cxd5 Nxd5 5.e4 Nxc3 6.bxc3 Bg7 7.Nf3 c5 8.Rb1 O-O
9.Qd2 Nc6 10.d5 Ne5 11.Nxe5 Bxe5 12.f4 Bg7 13.Be2 e6 14.c4 exd5 15.cxd5 Re8
16.e5 g5 17.O-O gxf4 18.Qxf4 Kh8 19.Bb2 Qxd5 20.Bc4 Qc6 21.Bxf7 Be6 22.Bxe8 Rxe8
23.a3 b5 24.Rbd1 c4 25.Rd6 Qc5+ 26.Bd4 Qxa3 27.Qg5 Qa5 28.Qh5 Re7 29.Qf3 h6
30.Qc6 Qd2 31.Bf2 Qf4 32.Rxe6 Rf7 33.Qe8+ Rf8 34.Qxb5 c3 35.Qc5 Qf5 36.Rf6 Rxf6
37.exf6 Qxf6 38.Be1 Qg5 39.Qxg5  1-0

[Event "Rio de Janeiro"]
[Site "Rio de Janeiro"]
[Date "1998.??.??"]
[Round "6"]
[White "Rios Filho, Hilton Carlos"]
[Black "Guimaraes, Wagner Peixoto"]
[Result "1-0"]
[WhiteElo "2275"]
[BlackElo "2260"]

1.d4 Nf6 2.c4 g6 3.Nc3 d5 4.cxd5 Nxd5 5.e4 Nxc3 6.bxc3 Bg7 7.Bc4 O-O 8.Ne2 c5
9.O-O Nc6 10.Be3 Bg4 11.f3 cxd4 12.cxd4 Na5 13.Bxf7+ Rxf7 14.fxg4 Rxf1+ 15.Kxf1 Qd6
16.Kg1 Qe6 17.Qd3 Qxg4 18.Rf1 Rc8 19.d5 Nc4 20.h3 Qd7 21.Bd4 Ne5 22.Qb3 Kh8
23.Qb2 Qd6 24.Qxb7 Qc7 25.Qxc7  1-0

[Event "BRA-ch"]
[Site "Rio de Janeiro"]
[Date "1998.??.??"]
[Round "10"]
[White "Guimaraes, Wagner Peixoto"]
[Black "Tsuboi, Edson Kenji"]
[Result "0-1"]
[WhiteElo "2260"]
[BlackElo "2345"]

1.d4 Nf6 2.c4 g6 3.Nc3 d5 4.cxd5 Nxd5 5.e4 Nxc3 6.bxc3 Bg7 7.Nf3 c5 8.Be2 Bg4
9.Be3 Nc6 10.Rb1 Bxf3 11.Bxf3 cxd4 12.cxd4 Bxd4 13.Bxd4 Nxd4 14.O-O e5 15.Rxb7 O-O
16.g3 Qa5 17.Bg2 Qxa2 18.Qg4 Qd2 19.Qh4 a5 20.Qf6 a4 21.f4 exf4 22.gxf4 Rac8
23.Rbb1 Rc2 24.Qg5 a3 25.Rbd1 Qe3+ 26.Kh1 a2 27.Rde1 Re2 28.Rd1 Ne6 29.Qe5 Rf2
30.Rxf2 Qxf2 31.Rf1 Qd4 32.Qa5 Qb2 33.e5 Nxf4 34.Bc6 Rb8 35.Bd5 Nxd5 36.Qxd5 Qb7  0-1

[Event "RUS-ch U20"]
[Site "Sochi"]
[Date "1998.??.??"]
[Round "2"]
[White "Kosyrev, Vladimir"]
[Black "Turov, Maxim"]
[Result "1-0"]
[WhiteElo "2405"]
[BlackElo "2445"]

1.d4 Nf6 2.c4 g6 3.Nc3 d5 4.cxd5 Nxd5 5.e4 Nxc3 6.bxc3 Bg7 7.Bb5+ c6 8.Ba4 O-O
9.Ne2 b5 10.Bb3 Bb7 11.O-O c5 12.f3 cxd4 13.cxd4 Nc6 14.Be3 Na5 15.Rc1 e6
16.Qd2 Nxb3 17.axb3 f5 18.Nf4 Qd7 19.d5 exd5 20.exd5 Rfc8 21.Bd4 Bh6 22.Ba1 Bg7
23.Bxg7 Kxg7 24.d6 Kg8 25.Qd4 a5 26.Rxc8+ Rxc8 27.Re1 Re8 28.Rxe8+ Qxe8 29.Kf2 Bc6
30.Nd3 a4 31.Ne5 Bd7 32.bxa4 bxa4 33.Qd5+ Kh8 34.Qc5 f4 35.g3 a3 36.Nxd7 Qe3+
37.Kg2 Qe2+ 38.Kh3 Qe6+ 39.g4 Qxd7 40.Qc7 a2 41.Qxd7 a1=Q 42.Qe8+ Kg7 43.Qe7+ Kh6
44.g5+ Kh5 45.Qxh7+ Kxg5 46.Qh4+ Kf5 47.Qg4+ Ke5 48.d7 Qf1+ 49.Qg2 Qd3 50.Qg5+ Ke6
51.d8=Q  1-0

[Event "RUS-ch U20"]
[Site "Sochi"]
[Date "1998.??.??"]
[Round "10"]
[White "Iljushin, Alexei"]
[Black "Turov, Maxim"]
[Result "0-1"]
[WhiteElo "2460"]
[BlackElo "2445"]

1.d4 Nf6 2.c4 g6 3.Nc3 d5 4.cxd5 Nxd5 5.e4 Nxc3 6.bxc3 Bg7 7.Be3 c5 8.Qd2 Qa5
9.Rc1 O-O 10.Nf3 cxd4 11.cxd4 Qxd2+ 12.Nxd2 e6 13.Bc4 Nc6 14.Nf3 Bd7 15.O-O Rfc8
16.d5 exd5 17.Bxd5 Be6 18.Rfd1 Rd8 19.Rb1 Bxd5 20.exd5 Na5 21.Ng5 b6 22.Ne4 h6
23.g4 Nc4 24.Bf4  0-1

[Event "POL-ch (Women)"]
[Site "Sopot"]
[Date "1998.??.??"]
[Round "?"]
[White "Kludacz, Magdalena"]
[Black "Grabarska, Barbara"]
[Result "1-0"]
[WhiteElo "2180"]
[BlackElo "2245"]

1.d4 Nf6 2.c4 g6 3.Nc3 d5 4.cxd5 Nxd5 5.e4 Nxc3 6.bxc3 Bg7 7.Nf3 c5 8.Rb1 O-O
9.Be2 Nd7 10.O-O b6 11.Bg5 Nf6 12.Qd3 Qc7 13.d5 h6 14.Bh4 c4 15.Qe3 Ne8 16.Bg3 Nd6
17.Nd4 e5 18.dxe6 Qe7 19.Bxd6 Qxd6 20.exf7+ Kh7 21.Bxc4 Bd7 22.Bd5 Rac8 23.c4 Bxd4
24.Qxd4 Be6 25.Qf6  1-0

[Event "Petrov mem"]
[Site "St Petersburg"]
[Date "1998.??.??"]
[Round "1"]
[White "Virovlansky, Semen"]
[Black "Yandemirov, Valeri"]
[Result "1/2-1/2"]
[WhiteElo "2345"]
[BlackElo "2545"]

1.d4 Nf6 2.c4 g6 3.Nc3 d5 4.cxd5 Nxd5 5.e4 Nxc3 6.bxc3 Bg7 7.Bb5+ Nc6 8.Nf3 O-O
9.O-O Na5 10.Ba3 c6 11.Be2 Be6 12.Qa4 b5 13.Qb4 Bc4 14.Rfe1 Re8 15.Bc1 Bxe2
16.Rxe2 Nc4 17.a4 a5 18.Qb3 Qd7 19.Rb1 e5 20.Bg5 h6 21.Bh4 exd4 22.cxd4 f5
23.Ne5 Bxe5 24.dxe5 Rxe5 25.Rd1 Qf7 26.axb5 Rxb5 27.Qc3 g5 28.exf5 gxh4 29.Re6 Ne5
30.Rxe5 Rxe5 31.Qxe5 a4 32.Rd6 Re8 33.Re6 Rxe6 34.fxe6 Qg7 35.Qb8+ Kh7 36.Qb1+ Qg6
37.Qb7+ Qg7 38.Qb1+ Qg6 39.Qb7+ Qg7 40.Qb1+ Qg6 41.Qb7+  1/2-1/2

[Event "Rilton Cup 97/98"]
[Site "Stockholm"]
[Date "1998.??.??"]
[Round "8"]
[White "Hillarp Persson, Tiger"]
[Black "Holmsten, Aleksei"]
[Result "1/2-1/2"]
[WhiteElo "2445"]
[BlackElo "2355"]

1.d4 Nf6 2.c4 g6 3.Nc3 d5 4.cxd5 Nxd5 5.e4 Nxc3 6.bxc3 Bg7 7.Be3 c5 8.Qd2 O-O
9.Nf3 Qa5 10.Rc1 e6 11.Bh6 cxd4 12.Bxg7 Kxg7 13.cxd4 Nc6 14.Qxa5 Nxa5 15.Kd2 Bd7
16.Bd3 Rfc8 17.g4 h6 18.h4 a6 19.g5 Bb5 20.Ne5 h5 21.f4 Nc6 22.Nxc6 bxc6
23.Rc5 Bxd3 24.Kxd3 Rab8 25.Rhc1 Rb2 26.Rxc6 Rxc6 27.Rxc6 Rxa2 28.d5 exd5
29.exd5 Kf8 30.Kd4 Ke7 31.Rc7+ Kd6 32.Rc6+ Ke7 33.Rc7+ Kd6 34.Rc6+ Ke7  1/2-1/2

[Event "Rilton Cup 97/98"]
[Site "Stockholm"]
[Date "1998.??.??"]
[Round "9"]
[White "Ulibin, Mikhail"]
[Black "David, Alberto"]
[Result "0-1"]
[WhiteElo "2535"]
[BlackElo "2460"]

1.d4 Nf6 2.c4 g6 3.Nc3 d5 4.cxd5 Nxd5 5.e4 Nxc3 6.bxc3 Bg7 7.Bb5+ c6 8.Ba4 O-O
9.Ne2 Be6 10.O-O b5 11.Bb3 Bxb3 12.axb3 Nd7 13.Ra6 Qc8 14.Ra2 a5 15.c4 bxc4
16.bxc4 Qa6 17.Qc2 e5 18.dxe5 Nxe5 19.Ra4 Rfd8 20.Bb2 Qb6 21.Bc3 Nd3 22.Bxg7 Kxg7
23.Ra2 Kg8 24.Nc1 Nb4 25.Qb3 Qc5 26.Re2 Rd4 27.e5 Rxc4 28.e6 fxe6 29.Rxe6 a4
30.Qb1 Qf5 31.Qxf5 gxf5 32.Re2 a3 33.Na2 c5 34.Ra1 Rc2 35.Rxc2 Nxc2 36.Rb1 Nb4
37.Nc3 a2 38.Ra1 Ra3 39.Nxa2 Rxa2 40.Rc1 Nd3 41.Rd1 c4  0-1

[Event "SVK-chT 9899"]
[Site "SVK"]
[Date "1998.??.??"]
[Round "2"]
[White "Lisko, Frantisek"]
[Black "Fabian, Jaroslav"]
[Result "1/2-1/2"]
[WhiteElo "2320"]
[BlackElo "2240"]

1.d4 Nf6 2.c4 g6 3.Nc3 d5 4.cxd5 Nxd5 5.e4 Nxc3 6.bxc3 Bg7 7.Bc4 O-O 8.Ne2 c5
9.O-O cxd4 10.cxd4 Nc6 11.Be3 e6 12.Rc1 Na5 13.Bd3 b6 14.Qa4 Bd7 15.Qb4 Bc6
16.Rfd1 Qd7 17.Nc3 Rfd8 18.Ba6 Qd6 19.Qb2 Bb7 20.Bxb7 Nxb7 21.Nb5 Qe7 22.Rc7 Rd7
23.Bg5 f6 24.Rxd7 Qxd7 25.Bf4 Na5 26.Rc1 Rc8 27.Rxc8+ Qxc8 28.Qc1 Qxc1+ 29.Bxc1 a6
30.Nc7 Kf7 31.Nxa6 f5 32.e5 Ke7 33.Nb4 Kd7 34.Kf1 Nc6 35.Nc2 Bf8 36.Ke2 Nb4
37.Nxb4 Bxb4 38.Kd3 Kc6 39.Kc4 Be1 40.f3 b5+ 41.Kd3 Kd5 42.Be3 Ba5 43.Bc1 Bb6
44.Bb2 Ba5 45.Bc3 Bb6 46.h4 h5 47.Bb2 Ba5 48.Bc3 Bb6 49.Bb2  1/2-1/2

[Event "SVK-chT 9798"]
[Site "SVK"]
[Date "1998.??.??"]
[Round "6"]
[White "Turna, Stefan"]
[Black "Certek, Pavel"]
[Result "1/2-1/2"]
[WhiteElo "2255"]
[BlackElo "2255"]

1.d4 Nf6 2.c4 g6 3.Nc3 d5 4.cxd5 Nxd5 5.e4 Nxc3 6.bxc3 Bg7 7.Nf3 c5 8.Rb1 O-O
9.Be2 Nc6 10.d5 Bxc3+ 11.Bd2 Bxd2+ 12.Qxd2 Na5 13.h4 Bg4 14.h5 Bxf3 15.gxf3 e5
16.Qc3 Re8 17.hxg6 fxg6 18.Qxc5 b6 19.Qe3 Rc8 20.Kd2 Qe7 21.Rhc1 Rf8 22.Ba6 Rcd8
23.Rb2 Rf7 24.Rbc2 Rdf8 25.Be2 Qb4+ 26.Qc3 Qe7 27.Qe3 Qb4+ 28.Qc3 Qe7 29.Qe3 Qb4+  1/2-1/2